000 01218nam a22003497a 4500
003 CHAP
005 20220329135406.0
008 971013s1973 r 00010 d
010 _a35564
011 _a36536
035 _a40655
040 _cCHAP
082 _a630.72
_bO76
110 _aOrganismo Internacional de Energía Atómica
_983512
245 _aIsotopes and radiation in agricultural research in the Soviet Union, report of study tours...
260 _aVienna :
_bOIEA,
_c1973
300 _a108 p.
_b; gráfs.
590 _aBATCH-UPD
_b10
_c20130109
_lUCH01
_h2319
590 _aBATCH-UPD
_b10
_c20130110
_lUCH01
_h2114
590 _aBATCH-UPD
_b10
_c20130409
_lUCH01
_h1841
590 _aBATCH-UPD
_b10
_c20130410
_lUCH01
_h1424
590 _aBATCH-UPD
_b10
_c20130914
_lUCH01
_h1306
590 _aCONVERSION
_b10
_c20130109
_lUCH01
_h1320
650 1 4 _aAgricultura
_xInvestigacion
_xU.R.S.S.
_91687
650 1 4 _aEnergía atómica en agricultura.
_936898
650 1 4 _aEnergía atómica
_xInvestigación.
_936896
700 0 _aNethsinge, A. Micke.
_980911
700 0 _aSigurbjornsson, B.
_9105916
901 _aBK
942 _cLIBRO
949 _a630.72 O76
_bBC
_cLIBRO
_d33724000042875
_eLIBRO
_h43815
_i40655
_si
999 _c35564
_d35564